000 00590nam a2200193Ia 4500
003 GCL
008 140319s9999 xx 000 0 ara d
040 _aGCL /
_cGCL
082 0 4 _a609
_bا ت
100 1 _aالانطاكى، داود بن عمر
245 1 0 _aتذكرة اولى الالباب والجامع للعجب العجاب /
_cالانطاكى، داود بن عمر
260 _a[S.N] :
_bدار الفكر
300 _a206 ص
490 _a
650 0 4 _aالطب الشعبى
650 0 4 _aالعقاقير
650 0 4 _aالعلاج الشعبى
942 _2ddc
_cBK
999 _c54194
_d54194